[Event "Villa Ballester op 73rd"]
[Site "Buenos Aires"]
[Date "2024.01.20"]
[Round "2"]
[White "Alonso, Sergio"]
[Black "Garcia, Pablo4"]
[Result "1-0"]
[WhiteElo "1638"]
[BlackElo "1045"]
[PlyCount "65"]
[EventDate "2024.01.19"]
[EventType "swiss"]
[EventRounds "9"]
[EventCountry "ARG"]
[SourceTitle "CB06_2024"]
[SourceDate "2024.02.07"]
[SourceVersion "1"]
[SourceVersionDate "2024.02.07"]
[SourceQuality "1"]

1. e4 e6 2. d4 d5 3. e5 c5 4. c3 Nc6 5. Nf3 Be7 6. Bd3 Bd7 7. a3 cxd4 8. cxd4 f6 9. 0-0 f5 10. Nc3 a6 11. Be3 Qb6 12. Na4 Qd8 13. b4 b5 14. Nc5 Bc8 15. Rc1 h6 16. Nxe6 Bxe6 17. Rxc6 Qd7 18. Rc1 Qd8 19. h3 Bg5 20. g4 f4 21. Bg6+ Bf7 22. Bxf7+ Kxf7 23. Bd2 Ne7 24. h4 Bxh4 25. Nxh4 Rc8 26. Qf3 Nc6 27. Qxf4+ Kg8 28. Nf5 Ne7 29. Nxe7+ Qxe7 30. Rxc8+ Kh7 31. Qf5+ g6 32. Rxh8+ Kxh8 33. Qxg6 1-0

[Event "Villa Ballester op 73rd"]
[Site "Buenos Aires"]
[Date "2024.01.19"]
[Round "1"]
[White "Ostoich, Mariano Ivan"]
[Black "Alonso, Sergio"]
[Result "1-0"]
[WhiteElo "2081"]
[BlackElo "1638"]
[PlyCount "83"]
[EventDate "2024.01.19"]
[EventType "swiss"]
[EventRounds "9"]
[EventCountry "ARG"]
[SourceTitle "CB06_2024"]
[SourceDate "2024.02.07"]
[SourceVersion "1"]
[SourceVersionDate "2024.02.07"]
[SourceQuality "1"]

1. e4 g6 2. d4 Bg7 3. c4 d6 4. Nc3 e5 5. Nf3 Bg4 6. d5 a5 7. h3 Bd7 8. Bd3 Nf6 9. Be3 Na6 10. Qd2 0-0 11. 0-0 Re8 12. a3 Nc5 13. Bc2 a4 14. Qd1 Nh5 15. Bxc5 dxc5 16. Bxa4 c6 17. Bc2 Nf4 18. Ne2 g5 19. Ng3 Qf6 20. Nh2 Qg6 21. dxc6 Bxc6 22. Nf5 Rad8 23. Qxd8 Rxd8 24. Ne7+ Kf8 25. Nxg6+ hxg6 26. Rfd1 Rxd1+ 27. Rxd1 Ke7 28. Nf3 f6 29. b4 b6 30. bxc5 bxc5 31. a4 Ne2+ 32. Kf1 Nc3 33. Ra1 Nxe4 34. Bxe4 Bxe4 35. a5 Bd3+ 36. Kg1 Bxc4 37. a6 Bxa6 38. Rxa6 Bf8 39. Kf1 Kf7 40. Ke2 e4 41. Nd2 f5 42. Rc6 1-0

[Event "SE-2019-0-00296"]
[Site "LSS email"]
[Date "2019.06.27"]
[Round "?"]
[White "Grimm, Wolfgang"]
[Black "Alonso, Sergio"]
[Result "1-0"]
[WhiteElo "1470"]
[BlackElo "1274"]
[PlyCount "45"]
[EventDate "2019.02.11"]
[EventType "tourn (corr)"]
[EventRounds "6"]
[EventCountry "GER"]
[SourceTitle "Corr 2022"]
[Source "ChessBase"]
[SourceDate "2021.10.24"]
[SourceVersion "1"]
[SourceVersionDate "2021.10.24"]
[SourceQuality "1"]

1. c4 Nf6 2. Nf3 g6 3. Nc3 Bg7 4. e4 d6 5. d4 0-0 6. Be2 e5 7. 0-0 Nc6 8. d5 Ne7 9. Be3 Ng4 10. Bd2 f5 11. Ng5 Nf6 12. exf5 Nxf5 13. c5 Nd4 14. Bc4 Ng4 15. c6 bxc6 16. dxc6+ Kh8 17. Nf7+ Rxf7 18. Bxf7 Qh4 19. h3 Nf6 20. Nd5 Nxd5 21. Bxd5 e4 22. Bc3 Nf3+ 23. gxf3 1-0

[Event "SE-2019-0-00296"]
[Site "LSS email"]
[Date "2019.05.30"]
[Round "?"]
[White "Alonso, Sergio"]
[Black "Lonyuk, Bohdan"]
[Result "1-0"]
[WhiteElo "1274"]
[BlackElo "1321"]
[PlyCount "75"]
[EventDate "2019.02.11"]
[EventType "tourn (corr)"]
[EventRounds "6"]
[EventCountry "GER"]
[SourceTitle "Corr 2022"]
[Source "ChessBase"]
[SourceDate "2021.10.24"]
[SourceVersion "1"]
[SourceVersionDate "2021.10.24"]
[SourceQuality "1"]

1. e4 g6 2. d4 d6 3. Nc3 a6 4. f4 b5 5. Nf3 Bb7 6. Bd3 c5 7. dxc5 dxc5 8. Be3 Nd7 9. e5 e6 10. Be4 Qc7 11. Bxb7 Qxb7 12. Qd2 Nb6 13. 0-0-0 Nc4 14. Qe2 Nh6 15. Bf2 Nf5 16. Ne4 Bh6 17. Nf6+ Kf8 18. Nd7+ Kg7 19. g3 Rhd8 20. Nxc5 Rxd1+ 21. Rxd1 Qc6 22. Rd7 Kg8 23. Qd3 Bf8 24. Ne4 Nfe3 25. Nf6+ Kh8 26. Rxf7 Bg7 27. Qe2 Rc8 28. Bxe3 Nxe3 29. c3 Nc4 30. Qe4 Qc5 31. Rxg7 Kxg7 32. Qb7+ Rc7 33. Qxc7+ Qxc7 34. Ne8+ Kf8 35. Nxc7 Ne3 36. Nxe6+ Ke7 37. Nc7 Nf1 38. Nxa6 1-0

[Event "IECC CL0-2019.00 email"]
[Site "IECC email"]
[Date "2019.05.30"]
[Round "?"]
[White "Alonso, Sergio"]
[Black "Shim Ng Min, Francis"]
[Result "1/2-1/2"]
[WhiteElo "1281"]
[BlackElo "1186"]
[PlyCount "55"]
[EventDate "2019.03.28"]
[EventType "tourn (corr)"]
[EventRounds "4"]
[SourceTitle "Corr 2022"]
[Source "ChessBase"]
[SourceDate "2021.10.24"]
[SourceVersion "1"]
[SourceVersionDate "2021.10.24"]
[SourceQuality "1"]

1. e4 c5 2. Nf3 d6 3. d4 cxd4 4. Nxd4 Nf6 5. Nc3 a6 6. f3 e5 7. Nb3 Be6 8. Be3 Be7 9. Qd2 0-0 10. 0-0-0 b5 11. g4 Nc6 12. h4 Na5 13. Nxa5 Qxa5 14. Kb1 b4 15. Nd5 Bxd5 16. exd5 Rfb8 17. Bc4 Qc7 18. Qd3 a5 19. h5 a4 20. g5 Nd7 21. g6 fxg6 22. hxg6 h6 23. b3 axb3 24. cxb3 Qa5 25. Rh2 Nc5 26. Qd2 Bf6 27. Qc2 Re8 28. Qf2 1/2-1/2

[Event "SE-2019-0-00296"]
[Site "LSS email"]
[Date "2019.05.30"]
[Round "?"]
[White "Alonso, Sergio"]
[Black "Wilshusen, Horst"]
[Result "0-1"]
[WhiteElo "1274"]
[BlackElo "1309"]
[PlyCount "52"]
[EventDate "2019.02.11"]
[EventType "tourn (corr)"]
[EventRounds "6"]
[EventCountry "GER"]
[SourceTitle "Corr 2022"]
[Source "ChessBase"]
[SourceDate "2021.10.24"]
[SourceVersion "1"]
[SourceVersionDate "2021.10.24"]
[SourceQuality "1"]

1. e4 c6 2. d4 d5 3. e5 Bf5 4. Nf3 e6 5. Be2 Ne7 6. 0-0 h6 7. Nbd2 b5 8. c3 a5 9. a4 Qb6 10. axb5 cxb5 11. Qb3 Nd7 12. Qxb5 Nc6 13. Qxb6 Nxb6 14. Bb5 Kd7 15. c4 Nxc4 16. Nxc4 dxc4 17. Bxc4 Bb4 18. Be3 Ne7 19. Bb5+ Kc7 20. Rfc1+ Kb7 21. Rc5 Bxc5 22. dxc5 Be4 23. Rd1 Bd5 24. Nd4 Rhc8 25. Nc2 Rc7 26. Na3 Nf5 0-1

[Event "SE-2019-0-00289"]
[Site "LSS email"]
[Date "2019.01.04"]
[Round "?"]
[White "Alonso, Sergio"]
[Black "Shim Ng Min, Francis"]
[Result "1-0"]
[WhiteElo "1310"]
[BlackElo "1240"]
[PlyCount "89"]
[EventDate "2018.10.15"]
[EventType "tourn (corr)"]
[EventRounds "6"]
[EventCountry "GER"]
[SourceTitle "Corr 2022"]
[Source "ChessBase"]
[SourceDate "2021.10.24"]
[SourceVersion "1"]
[SourceVersionDate "2021.10.24"]
[SourceQuality "1"]

1. e4 c5 2. Nf3 d6 3. d4 cxd4 4. Nxd4 Nf6 5. Nc3 a6 6. f3 e5 7. Nb3 Be6 8. Be3 Be7 9. Qd2 d5 10. exd5 Nxd5 11. Nxd5 Qxd5 12. Qxd5 Bxd5 13. 0-0-0 Bxb3 14. axb3 Nc6 15. Bb6 0-0 16. Bd3 Bd8 17. Bc5 Re8 18. Be4 Be7 19. Bxc6 bxc6 20. Bxe7 Rxe7 21. Rd6 Rc7 22. Rhd1 f6 23. Rd8+ Rxd8 24. Rxd8+ Kf7 25. Ra8 Ke6 26. Rxa6 Kf5 27. Kd2 e4 28. fxe4+ Kxe4 29. Ra4+ Kd5 30. Rh4 h6 31. c4+ Kc5 32. Kc3 Re7 33. b4+ Kb6 34. Rd4 Kc7 35. Kd3 Re1 36. Re4 Rd1+ 37. Kc3 Rd7 38. Rd4 Re7 39. c5 Re2 40. Rd2 Re7 41. Kb3 Re5 42. Ka4 Re8 43. b5 cxb5+ 44. Kxb5 Rb8+ 45. Kc4 1-0

[Event "SE-2019-0-00289"]
[Site "LSS email"]
[Date "2019.01.04"]
[Round "?"]
[White "Lonyuk, Bohdan"]
[Black "Alonso, Sergio"]
[Result "1-0"]
[WhiteElo "1308"]
[BlackElo "1310"]
[PlyCount "51"]
[EventDate "2018.10.15"]
[EventType "tourn (corr)"]
[EventRounds "6"]
[EventCountry "GER"]
[SourceTitle "Corr 2022"]
[Source "ChessBase"]
[SourceDate "2021.10.24"]
[SourceVersion "1"]
[SourceVersionDate "2021.10.24"]
[SourceQuality "1"]

1. e4 e5 2. f4 Bc5 3. Nf3 d6 4. c3 f5 5. fxe5 dxe5 6. d4 exd4 7. e5 Nc6 8. Bb5 d3 9. b4 Bb6 10. Bxd3 Nge7 11. a4 a6 12. Na3 Be6 13. Nc4 Ba7 14. b5 Nb8 15. b6 Bxb6 16. Nxb6 cxb6 17. 0-0 Nbc6 18. Ba3 0-0 19. Ng5 Qc8 20. Qe2 Kh8 21. Bd6 Qd7 22. Rab1 Rad8 23. Rxb6 Nd5 24. Rxb7 Qc8 25. Bxa6 Nxc3 26. Qh5 1-0

[Event "SE-2019-0-00289"]
[Site "LSS email"]
[Date "2019.01.04"]
[Round "?"]
[White "Salazar Moran, Alejandro Fortunato"]
[Black "Alonso, Sergio"]
[Result "0-1"]
[WhiteElo "1542"]
[BlackElo "1310"]
[PlyCount "58"]
[EventDate "2018.10.15"]
[EventType "tourn (corr)"]
[EventRounds "6"]
[EventCountry "GER"]
[SourceTitle "Corr 2022"]
[Source "ChessBase"]
[SourceDate "2021.10.24"]
[SourceVersion "1"]
[SourceVersionDate "2021.10.24"]
[SourceQuality "1"]

1. e4 e5 2. Nf3 Nc6 3. Bb5 Nge7 4. 0-0 Ng6 5. Nc3 Bc5 6. d3 0-0 7. a3 Nd4 8. Bc4 d6 9. Ng5 h6 10. Bxf7+ Rxf7 11. Nxf7 Kxf7 12. Na4 Bb6 13. Be3 Ne6 14. Nxb6 axb6 15. c3 Nef4 16. Kh1 Kg8 17. g3 Nh3 18. Qh5 Qf6 19. f4 exf4 20. gxf4 Nhxf4 21. Bxf4 Nxf4 22. Qf3 g5 23. h4 Kf7 24. Rae1 Bd7 25. e5 dxe5 26. Kh2 Bc6 27. Qe3 Qf5 28. d4 Qg4 29. Rf2 Qxh4+ 0-1

[Event "IECC CL0-2018.00 email"]
[Site "IECC email"]
[Date "2018.12.05"]
[Round "?"]
[White "Alonso, Sergio"]
[Black "D'Emilia, Jack"]
[Result "1-0"]
[WhiteElo "1269"]
[BlackElo "1100"]
[PlyCount "71"]
[EventDate "2018.11.09"]
[EventType "tourn (corr)"]
[EventRounds "4"]
[SourceTitle "Corr 2022"]
[Source "ChessBase"]
[SourceDate "2021.10.24"]
[SourceVersion "1"]
[SourceVersionDate "2021.10.24"]
[SourceQuality "1"]

1. Nf3 d5 2. c4 d4 3. g3 c5 4. Bg2 Nf6 5. b4 b6 6. Ng1 Bd7 7. Bxa8 Nc6 8. Bxc6 Bxc6 9. Nf3 Bxf3 10. exf3 cxb4 11. Qa4+ Qd7 12. Qxd7+ Nxd7 13. d3 Nc5 14. Ke2 e5 15. Nd2 Be7 16. Ne4 0-0 17. g4 Rc8 18. h4 Ne6 19. Bd2 Nf4+ 20. Bxf4 exf4 21. Rae1 b5 22. Rc1 bxc4 23. Rxc4 Rxc4 24. dxc4 a5 25. c5 Bd8 26. Kd3 h6 27. Kxd4 f6 28. h5 Kh7 29. Kd5 g5 30. Ke6 Bc7 31. Rd1 Be5 32. c6 a4 33. Rd7+ Kh8 34. Nxf6 Bxf6 35. Kxf6 b3 36. c7 1-0

[Event "IECC CL0-2018.00 email"]
[Site "IECC email"]
[Date "2018.12.04"]
[Round "?"]
[White "Barsabas, Jose"]
[Black "Alonso, Sergio"]
[Result "1/2-1/2"]
[WhiteElo "1151"]
[BlackElo "1269"]
[PlyCount "28"]
[EventDate "2018.11.09"]
[EventType "tourn (corr)"]
[EventRounds "4"]
[SourceTitle "Corr 2022"]
[Source "ChessBase"]
[SourceDate "2021.10.24"]
[SourceVersion "1"]
[SourceVersionDate "2021.10.24"]
[SourceQuality "1"]

1. e4 e5 2. Nf3 Nc6 3. Bb5 a6 4. Bxc6 dxc6 5. h3 Bd6 6. 0-0 Nf6 7. Re1 0-0 8. c3 c5 9. d4 cxd4 10. cxd4 Bb4 11. Bd2 Bxd2 12. Qxd2 exd4 13. Qxd4 Qxd4 14. Nxd4 Rd8 1/2-1/2

[Event "LSS No Engine Cup 184 Preliminary 0"]
[Site "LSS email"]
[Date "2018.12.02"]
[Round "?"]
[White "Alonso, Sergio"]
[Black "Pech, Stepan"]
[Result "1/2-1/2"]
[WhiteElo "1624"]
[BlackElo "1524"]
[PlyCount "37"]
[EventDate "2018.12.03"]
[EventType "tourn (corr)"]
[EventRounds "6"]
[EventCountry "GER"]
[SourceTitle "Corr 2022"]
[Source "ChessBase"]
[SourceDate "2021.10.24"]
[SourceVersion "1"]
[SourceVersionDate "2021.10.24"]
[SourceQuality "1"]

1. Nf3 d5 2. c4 dxc4 3. e3 Nf6 4. Bxc4 e6 5. 0-0 c5 6. d4 a6 7. a4 Nc6 8. dxc5 Qxd1 9. Rxd1 Bxc5 10. Be2 0-0 11. b3 b6 12. Nbd2 Bb7 13. Bb2 Rfd8 14. Ne5 Nxe5 15. Bxe5 b5 16. axb5 axb5 17. Rxa8 Bxa8 18. Nf3 Rxd1+ 19. Bxd1 1/2-1/2

[Event "LSS No Engine Cup 184 Preliminary 0"]
[Site "LSS email"]
[Date "2018.12.02"]
[Round "?"]
[White "Verich, Oleg"]
[Black "Alonso, Sergio"]
[Result "1-0"]
[WhiteElo "1386"]
[BlackElo "1624"]
[PlyCount "67"]
[EventDate "2018.12.03"]
[EventType "tourn (corr)"]
[EventRounds "6"]
[EventCountry "GER"]
[SourceTitle "Corr 2022"]
[Source "ChessBase"]
[SourceDate "2021.10.24"]
[SourceVersion "1"]
[SourceVersionDate "2021.10.24"]
[SourceQuality "1"]

1. Nf3 Nf6 2. d4 g6 3. c4 Bg7 4. g3 0-0 5. Bg2 d6 6. 0-0 Nbd7 7. Nc3 e5 8. d5 a5 9. Na4 Ne4 10. b3 f5 11. Bb2 Ndc5 12. Nxc5 Nxc5 13. Nd2 Bd7 14. e4 fxe4 15. Nxe4 Nxe4 16. Bxe4 Qe7 17. Qd3 b6 18. a4 Bh3 19. Bg2 Bxg2 20. Kxg2 e4 21. Qe2 Bxb2 22. Qxb2 Rf3 23. Rae1 Re8 24. Re3 Rxe3 25. fxe3 Qe5 26. Qxe5 Rxe5 27. Rf4 Kg7 28. g4 g5 29. Rf2 h6 30. Kg3 Re7 31. h4 Rf7 32. hxg5 hxg5 33. Rxf7+ Kxf7 34. Kf2 1-0

[Event "SE-2018-0-00286"]
[Site "LSS email"]
[Date "2018.11.27"]
[Round "?"]
[White "Cabrera Trujillo, Claudio Tomas"]
[Black "Alonso, Sergio"]
[Result "0-1"]
[WhiteElo "1493"]
[BlackElo "1332"]
[PlyCount "81"]
[EventDate "2018.09.04"]
[EventType "tourn (corr)"]
[EventRounds "6"]
[EventCountry "GER"]
[SourceTitle "Corr 2022"]
[Source "ChessBase"]
[SourceDate "2021.10.24"]
[SourceVersion "1"]
[SourceVersionDate "2021.10.24"]
[SourceQuality "1"]

1. e4 e5 2. Nc3 Nf6 3. Bc4 Bc5 4. d3 d6 5. h3 Nc6 6. a3 Nd4 7. Nf3 h6 8. Na4 Bb6 9. Nxb6 Nxf3+ 10. Qxf3 axb6 11. Be3 0-0 12. 0-0 Be6 13. Bxe6 fxe6 14. Qg3 Nh5 15. Qg4 Nf4 16. Bxf4 Rxf4 17. Qxe6+ Kh8 18. Rad1 Qf6 19. Qxf6 Rxf6 20. d4 exd4 21. Rxd4 Raf8 22. f3 g5 23. Kf2 Kg7 24. Ke3 Kg6 25. g3 Kf7 26. Ra4 Ke6 27. Ra7 Rb8 28. b4 d5 29. exd5+ Kxd5 30. Rd1+ Kc6 31. f4 gxf4+ 32. gxf4 Re8+ 33. Kf3 Ref8 34. Rd4 b5 35. c4 Kb6 36. Ra5 bxc4 37. Rxc4 c6 38. Re4 Rg6 39. f5 Rg5 40. Kf4 Rh5 41. Re3 0-1

[Event "SE-2018-0-00286"]
[Site "LSS email"]
[Date "2018.11.24"]
[Round "?"]
[White "Alonso, Sergio"]
[Black "Lonyuk, Bohdan"]
[Result "1-0"]
[WhiteElo "1332"]
[BlackElo "1330"]
[PlyCount "39"]
[EventDate "2018.09.04"]
[EventType "tourn (corr)"]
[EventRounds "6"]
[EventCountry "GER"]
[SourceTitle "Corr 2022"]
[Source "ChessBase"]
[SourceDate "2021.10.24"]
[SourceVersion "1"]
[SourceVersionDate "2021.10.24"]
[SourceQuality "1"]

1. e4 d6 2. d4 Nf6 3. Nc3 g6 4. f4 Bg7 5. Nf3 0-0 6. Bd3 Na6 7. a3 c5 8. d5 Rb8 9. 0-0 Nc7 10. a4 a6 11. a5 Bd7 12. Qe1 Re8 13. Qh4 Nb5 14. e5 Nh5 15. g4 c4 16. Be4 Nf6 17. exf6 Bxf6 18. Ng5 Nxc3 19. Qxh7+ Kf8 20. Qxf7# 1-0

[Event "SE-2018-0-00286"]
[Site "LSS email"]
[Date "2018.11.24"]
[Round "?"]
[White "Grimm, Wolfgang"]
[Black "Alonso, Sergio"]
[Result "1-0"]
[WhiteElo "1577"]
[BlackElo "1332"]
[PlyCount "31"]
[EventDate "2018.09.04"]
[EventType "tourn (corr)"]
[EventRounds "6"]
[EventCountry "GER"]
[SourceTitle "Corr 2022"]
[Source "ChessBase"]
[SourceDate "2021.10.24"]
[SourceVersion "1"]
[SourceVersionDate "2021.10.24"]
[SourceQuality "1"]

1. g3 d5 2. d4 Nf6 3. Nf3 e6 4. Nc3 c5 5. Bg2 Nc6 6. 0-0 Be7 7. Bg5 cxd4 8. Nxd4 e5 9. Nb3 d4 10. Bxf6 Bxf6 11. Nd5 0-0 12. e3 dxe3 13. fxe3 g6 14. Nxf6+ Kg7 15. g4 Qxd1 16. Raxd1 1-0

[Event "RF-2018-0-00454"]
[Site "LSS email"]
[Date "2018.11.24"]
[Round "?"]
[White "Hickl, Norbert"]
[Black "Alonso, Sergio"]
[Result "1-0"]
[WhiteElo "1104"]
[BlackElo "1339"]
[PlyCount "49"]
[EventDate "2018.10.27"]
[EventType "tourn (corr)"]
[EventRounds "6"]
[EventCountry "GER"]
[SourceTitle "Corr 2022"]
[Source "ChessBase"]
[SourceDate "2021.10.24"]
[SourceVersion "1"]
[SourceVersionDate "2021.10.24"]
[SourceQuality "1"]

1. c4 e5 2. g3 Nf6 3. Bg2 d5 4. cxd5 Nxd5 5. Nc3 Nb6 6. Nf3 Nc6 7. 0-0 Be7 8. d3 0-0 9. a3 Be6 10. Bd2 f6 11. b4 Qd7 12. Ne4 Rfd8 13. Rc1 a6 14. Be3 Nd5 15. Nc5 Bxc5 16. Bxc5 b6 17. Be3 Nxe3 18. fxe3 Ne7 19. Nxe5 fxe5 20. Bxa8 Rxa8 21. d4 e4 22. Qc2 Rc8 23. Qxe4 Bf5 24. Qb7 Nd5 25. Rxf5 1-0

[Event "ZL-2018-0-02100"]
[Site "LSS email"]
[Date "2018.11.15"]
[Round "?"]
[White "Rost, Bernd"]
[Black "Alonso, Sergio"]
[Result "1-0"]
[WhiteElo "1548"]
[BlackElo "1332"]
[PlyCount "97"]
[EventDate "2018.09.01"]
[EventType "match (corr)"]
[EventRounds "2"]
[EventCountry "GER"]
[SourceTitle "Corr 2022"]
[Source "ChessBase"]
[SourceDate "2021.10.24"]
[SourceVersion "1"]
[SourceVersionDate "2021.10.24"]
[SourceQuality "1"]

1. b3 e5 2. e3 d5 3. Bb2 Nc6 4. Bb5 Bd6 5. Nf3 Qe7 6. c4 dxc4 7. bxc4 Bd7 8. Bxc6 Bxc6 9. c5 Bxc5 10. Nxe5 Nf6 11. Nxc6 bxc6 12. Qf3 Qd6 13. 0-0 Ke7 14. Rc1 Nd5 15. Qe4+ Kd7 16. Qf4 Qxf4 17. exf4 Bd6 18. g3 f6 19. Na3 Rab8 20. Nc4 Rb4 21. Rc2 Nb6 22. Na5 Na4 23. Bc3 Nxc3 24. Rxc3 Rb6 25. Nc4 Rb5 26. Kf1 Bb4 27. Rc2 Bd6 28. Rac1 Rd5 29. Ne3 Rd3 30. Ke2 Ra3 31. Rxc6 Rxa2 32. Nf5 Re8+ 33. Kf3 Ra3+ 34. Kg4 Re2 35. Nxd6 cxd6 36. Rc7+ Ke6 37. Rxg7 Rxf2 38. Re1+ Kd5 39. Rxh7 Rxd2 40. Kf5 a5 41. Kxf6 a4 42. f5 Rf3 43. Ra1 a3 44. Ra7 Rxh2 45. R7xa3 Rxa3 46. Rxa3 Ke4 47. Kg6 d5 48. f6 Rf2 49. f7 1-0

[Event "IECC CL0-2018.00 email"]
[Site "IECC email"]
[Date "2018.11.12"]
[Round "?"]
[White "Alonso, Sergio"]
[Black "Kalinin, Vyacheslav"]
[Result "1-0"]
[WhiteElo "1334"]
[BlackElo "1324"]
[PlyCount "121"]
[EventDate "2018.10.24"]
[EventType "tourn (corr)"]
[EventRounds "4"]
[SourceTitle "Corr 2022"]
[Source "ChessBase"]
[SourceDate "2021.10.24"]
[SourceVersion "1"]
[SourceVersionDate "2021.10.24"]
[SourceQuality "1"]

1. d4 d5 2. c4 e6 3. Nc3 Be7 4. Nf3 c6 5. e4 dxe4 6. Nxe4 Nf6 7. Bd3 Nxe4 8. Bxe4 Bb4+ 9. Bd2 Bxd2+ 10. Qxd2 Nd7 11. Rd1 Nf6 12. Bb1 0-0 13. 0-0 b5 14. Ne5 Bb7 15. Qd3 bxc4 16. Qxc4 Qd6 17. Qc2 Rfd8 18. a3 Qd5 19. f3 Rac8 20. Ng4 Ba6 21. Nxf6+ gxf6 22. Qxh7+ Kf8 23. Rfe1 Ke7 24. Bg6 Rf8 25. Re4 Qg5 26. Bf5 Bc4 27. f4 Qg8 28. Bxe6 Bxe6 29. Qxg8 Rxg8 30. f5 Rcd8 31. fxe6 fxe6 32. b4 Rg5 33. Rde1 Kf7 34. Rxe6 Rxd4 35. Re7+ Kg6 36. R7e4 Rd2 37. R4e2 Rxe2 38. Rxe2 a5 39. Re4 axb4 40. axb4 Rb5 41. Rc4 Rb6 42. Kf2 Kf5 43. Kf3 Ra6 44. h4 Ke5 45. h5 f5 46. h6 Kf6 47. Rh4 Ra8 48. h7 Rh8 49. Kf4 Kg6 50. Rh3 Kf6 51. Rh5 Kg6 52. Rg5+ Kh6 53. Rxf5 Rxh7 54. Rc5 Re7 55. Rxc6+ Kg7 56. b5 Kf7 57. b6 Re1 58. g4 Kg7 59. Kf5 Rf1+ 60. Kg5 Rb1 61. Rc7+ 1-0

[Event "IECC CL0-2018.00 email"]
[Site "IECC email"]
[Date "2018.11.12"]
[Round "?"]
[White "Neumann, Otto"]
[Black "Alonso, Sergio"]
[Result "0-1"]
[WhiteElo "879"]
[BlackElo "1334"]
[PlyCount "42"]
[EventDate "2018.10.24"]
[EventType "tourn (corr)"]
[EventRounds "4"]
[SourceTitle "Corr 2022"]
[Source "ChessBase"]
[SourceDate "2021.10.24"]
[SourceVersion "1"]
[SourceVersionDate "2021.10.24"]
[SourceQuality "1"]

1. d4 d5 2. Nf3 Nc6 3. Bf4 Bg4 4. e3 e6 5. Nc3 a6 6. Be2 Nf6 7. h3 Bh5 8. a3 Bd6 9. Bxd6 cxd6 10. 0-0 0-0 11. Nh2 Bxe2 12. Nxe2 Rc8 13. c3 Na5 14. Nf3 Qb6 15. Rb1 Nb3 16. Nh2 Rc4 17. f4 Ne4 18. Nf3 f5 19. Nc1 Na5 20. b4 Nxc3 21. Qe1 Nxb1 0-1

[Event "IECC CL0-2018.00 email"]
[Site "IECC email"]
[Date "2018.11.05"]
[Round "?"]
[White "Alonso, Sergio"]
[Black "Chura, Michal"]
[Result "1/2-1/2"]
[WhiteElo "1318"]
[BlackElo "1105"]
[PlyCount "69"]
[EventDate "2018.10.02"]
[EventType "tourn (corr)"]
[EventRounds "4"]
[SourceTitle "Corr 2022"]
[Source "ChessBase"]
[SourceDate "2021.10.24"]
[SourceVersion "1"]
[SourceVersionDate "2021.10.24"]
[SourceQuality "1"]

1. d4 b5 2. e4 Bb7 3. Bd3 e6 4. Nf3 a6 5. 0-0 Ne7 6. a4 Ng6 7. axb5 axb5 8. Rxa8 Bxa8 9. Re1 b4 10. c3 d5 11. e5 bxc3 12. bxc3 Be7 13. Qa4+ Bc6 14. Bb5 Bxb5 15. Qxb5+ c6 16. Qd3 0-0 17. Ba3 c5 18. g3 Qa5 19. Qd1 Nc6 20. Qc1 Rb8 21. Bxc5 Bxc5 22. dxc5 Qxc5 23. Qa3 Qxa3 24. Nxa3 Rb3 25. Nc2 Rxc3 26. Ncd4 h6 27. Nxc6 Rxc6 28. Ra1 Rc7 29. Kf1 Ne7 30. Nd4 Nc6 31. Rc1 Nxd4 32. Rxc7 Nf3 33. h4 Nxe5 34. Ke2 g6 35. Rc2 1/2-1/2

[Event "IECC CL0-2018.00 email"]
[Site "IECC email"]
[Date "2018.11.05"]
[Round "?"]
[White "Alonso, Sergio"]
[Black "Neumann, Otto"]
[Result "0-1"]
[WhiteElo "1318"]
[BlackElo "877"]
[PlyCount "30"]
[EventDate "2018.10.02"]
[EventType "tourn (corr)"]
[EventRounds "4"]
[SourceTitle "Corr 2022"]
[Source "ChessBase"]
[SourceDate "2021.10.24"]
[SourceVersion "1"]
[SourceVersionDate "2021.10.24"]
[SourceQuality "1"]

1. d4 Nf6 2. c4 d5 3. Nc3 Bf5 4. Nf3 h6 5. Bf4 e6 6. Qb3 b6 7. cxd5 Nxd5 8. e4 Nxf4 9. exf5 exf5 10. Qa4+ c6 11. d5 Qe7+ 12. Kd2 Qd6 13. Re1+ Be7 14. g3 Nxd5 15. Nxd5 Qxd5+ 0-1

[Event "IECC CL0-2018.00 email"]
[Site "IECC email"]
[Date "2018.11.05"]
[Round "?"]
[White "Alonso, Sergio"]
[Black "Raines, David T"]
[Result "1/2-1/2"]
[WhiteElo "1318"]
[BlackElo "1243"]
[PlyCount "46"]
[EventDate "2018.10.02"]
[EventType "tourn (corr)"]
[EventRounds "4"]
[SourceTitle "Corr 2022"]
[Source "ChessBase"]
[SourceDate "2021.10.24"]
[SourceVersion "1"]
[SourceVersionDate "2021.10.24"]
[SourceQuality "1"]

1. d4 d5 2. c4 c6 3. Nf3 Nf6 4. Nc3 dxc4 5. a4 h6 6. e3 Bf5 7. Bxc4 e6 8. 0-0 Nbd7 9. Qe2 Be7 10. e4 Bh7 11. b3 0-0 12. Bb2 Nb6 13. Bd3 a5 14. Rad1 Bb4 15. Na2 Be7 16. h3 Qc7 17. Rfe1 Rfe8 18. Nc3 Bb4 19. Rc1 Qe7 20. Red1 Rad8 21. Qc2 Rc8 22. e5 Bxd3 23. Qxd3 Nfd5 1/2-1/2

[Event "IECC CL0-2018.00 email"]
[Site "IECC email"]
[Date "2018.11.05"]
[Round "?"]
[White "Slavin, Pablo"]
[Black "Alonso, Sergio"]
[Result "0-1"]
[WhiteElo "1273"]
[BlackElo "1318"]
[PlyCount "54"]
[EventDate "2018.10.02"]
[EventType "tourn (corr)"]
[EventRounds "4"]
[SourceTitle "Corr 2022"]
[Source "ChessBase"]
[SourceDate "2021.10.24"]
[SourceVersion "1"]
[SourceVersionDate "2021.10.24"]
[SourceQuality "1"]

1. e4 e5 2. Nf3 Nc6 3. Bb5 d6 4. 0-0 Nf6 5. Bxc6+ bxc6 6. d4 exd4 7. Qxd4 Be7 8. e5 c5 9. Qc3 Nd5 10. Qc4 Be6 11. Qb5+ Bd7 12. Qd3 Nb4 13. Qe2 Bf5 14. Na3 0-0 15. c3 Bd3 16. Qd2 Bxf1 17. Kxf1 Nc6 18. exd6 Qxd6 19. Nc4 Qe6 20. Ne3 Bd6 21. Qd5 Qxd5 22. Nxd5 Rfe8 23. Be3 Ne5 24. Ng5 h6 25. Ne4 Nc4 26. b3 Nxe3+ 27. Nxe3 Rxe4 0-1